| 000 | 00724nam a2200205 i 4500 | ||
|---|---|---|---|
| 001 | 90213 | ||
| 003 | ES-MaACL | ||
| 005 | 20250824041919.0 | ||
| 007 | t| | ||
| 008 | 050119s1950 fr ||||1| fre d | ||
| 080 | _a725.822 | ||
| 100 | 1 |
_aLeblanc, Louis. _971020 |
|
| 245 | 1 | 0 |
_aTraité d'aménagement des salles de spectacles. _nII, _pl'equipement des scènes et des estrades / _cpar Louis Leblanc et Georges Leblanc. |
| 260 |
_aParís : _bVincent Fréal et Cie., _c[1950] ( _fL'Emancipatrice) |
||
| 300 |
_a44 fol., 10 lám. : _bil. ; _c25 x 32 cm. |
||
| 650 | 7 |
_aTeatros- _xDiseño y construcción _2 _9139674 |
|
| 700 | 1 |
_aLeblanc, Georges. _971017 |
|
| 852 |
_aES-MaACL _jC-31440 _bR.70000 |
||
| 999 |
_c90213 _d90213 |
||